000 00273nam a22001217a 4500
008 180130b xxu||||| |||| 00| 0 eng d
041 _aeng
080 _a316
100 _a50
101 _aSOC
245 _aThe process of social organization
_cOlsen,M.E
942 _2udc
_cBK
999 _c41308
_d41308